Pays qui contiennent la lettre C - Statistiques

Statistiques générales
  • Ce quiz a été pris 454 fois
  • Le résultat moyen est 22 sur 38
Statistiques - réponses
Indice Pays % Correct
1 x C Canada
92%
1 x C Chine
88%
1 x C Chili
83%
1 x C Colombie
82%
1 x C Corée du Sud
80%
1 x C Corée du Nord
79%
1 x C Croatie
76%
2 x C République Démocratique du Congo
75%
1 x C République du Congo
75%
1 x C Cameroun
74%
1 x C Cambodge
71%
2 x C Costa Rica
71%
1 x C Chypre
70%
1 x C France
70%
1 x C Cuba
67%
1 x C Comores
64%
1 x C Cap-Vert
60%
1 x C Côte d'Ivoire
60%
1 x C Maroc
59%
1 x C Saint-Christophe-et-Niévès
56%
1 x C Grèce
55%
1 x C République Tchèque
55%
1 x C République Dominicaine
54%
2 x C République Centrafricaine
53%
1 x C Vatican
53%
1 x C Monaco
52%
1 x C Nicaragua
51%
1 x C Madagascar
48%
1 x C Liechtenstein
45%
1 x C Sainte-Lucie
45%
1 x C Tchad
45%
1 x C Saint-Vincent-et-les-Grenadines
44%
1 x C Macédoine du Nord
43%
1 x C États Fédérés de Micronésie
40%
1 x C Autriche
36%
1 x C Seychelles
32%
1 x C Maurice
26%
1 x C Sao Tomé-et-Principe
15%
Aucun quiz correspondant
Distribution des résultats
% des personnes avec chaque résultat
Percentile par nombre de réponses
Votre historique - résultats
Vous n’avez pas pris ce quiz